00486 2200193 4500001002100000005001500021008004100036020001800077035001900095041000700114082001000121090001600131100001700147245003200164250000600196260004000202300003000242650002000272INLIS00000000000035120241224112146241224||||||||| | ||| |||| || |  a979-421-670-4 0010-1224000351 aid0 a371.2 a371.2 WAH k0 aWahjosumidji00aKepemimpinan Kepala Sekolah a1 aJakartabRajaGrafindo Persadac2010 axiv, 504 hlm; ilus; 21 cm 0aIlmu Pendidikan